[Event "Deutsche Meisterschaft 2013"]
[Site "Saarbrücken"]
[Date "2013.09.06"]
[Round "1.1"]
[White "Bastian, Herbert"]
[Black "Fridman, Daniel"]
[Result "1/2-1/2"]
[WhiteElo "2339"]
[BlackElo "2614"]
[PlyCount "76"]
[EventDate "2013.09.05"]

1. e4 d6 2. d4 Nf6 3. Bd3 e5 4. c3 d5 5. dxe5 Nxe4 6. Nf3 Nc6 7. Nbd2 Nc5 8.
Bc2 Bg4 9. O-O Be7 10. Qe1 Ne6 11. b4 Qd7 12. b5 Ncd8 13. a4 a6 14. Bb2 axb5
15. axb5 Rxa1 16. Qxa1 O-O 17. c4 dxc4 18. Qa4 Bxf3 19. Nxf3 Nf4 20. h3 Qe6 21.
Re1 c5 22. Re4 Nd3 23. Bc3 Nb4 24. Nd2 Qd7 25. b6 Qxa4 26. Bxa4 Nd5 27. Ba5 c3
28. Nb1 Ne6 29. Nxc3 Nxc3 30. Bxc3 Ra8 31. Bd7 Ra3 32. Rc4 Rb3 33. Ba5 g5 34.
g3 Ra3 35. Ra4 Rb3 36. Rc4 Ra3 37. Ra4 Rb3 38. Rc4 Ra3 1/2-1/2

[Event "Deutsche Meisterschaft 2013"]
[Site "Saarbrücken"]
[Date "2013.09.06"]
[Round "1.2"]
[White "Buhmann, Rainer"]
[Black "Colpe, Malte"]
[Result "1-0"]
[WhiteElo "2580"]
[BlackElo "2338"]
[PlyCount "69"]
[EventDate "2013.09.05"]

1. Nf3 d5 2. d4 Nf6 3. c4 e6 4. Nc3 Be7 5. Bf4 O-O 6. e3 Nbd7 7. Qc2 c5 8. Rd1
cxd4 9. Rxd4 Qa5 10. Bg3 Nb6 11. Nd2 dxc4 12. Bxc4 Nxc4 13. Nxc4 Qc5 14. O-O
Nd5 15. Rfd1 Nxc3 16. bxc3 b6 17. Bd6 Bxd6 18. Nxd6 Ba6 19. h3 h6 20. R1d2 Qc6
21. e4 f6 22. Qb3 Kh7 23. Qxe6 Qxc3 24. Qf5+ Kg8 25. Qg6 Qc1+ 26. Kh2 Qc7 27.
f4 Kh8 28. e5 fxe5 29. fxe5 Qe7 30. e6 Rf6 31. Nf7+ Kg8 32. Nxh6+ Kf8 33. Qh7
Qc7+ 34. g3 Rxh6 35. Rf2+ 1-0

[Event "Deutsche Meisterschaft 2013"]
[Site "Saarbrücken"]
[Date "2013.09.06"]
[Round "1.3"]
[White "Oberhofer, Andre"]
[Black "Krämer, Martin"]
[Result "0-1"]
[WhiteElo "2329"]
[BlackElo "2542"]
[PlyCount "84"]
[EventDate "2013.09.05"]

1. e4 c5 2. c3 d6 3. d4 Nf6 4. Nd2 cxd4 5. cxd4 g6 6. Ngf3 Bg7 7. Bb5+ Nbd7 8.
O-O a6 9. Bc4 d5 10. exd5 Nb6 11. Bb3 O-O 12. h3 Bf5 13. Re1 Rc8 14. g4 Bd7 15.
a4 Be8 16. a5 Nbxd5 17. Nc4 Bb5 18. Nce5 e6 19. Bd2 Nd7 20. Bxd5 exd5 21. Bf4
Re8 22. Qd2 Nf8 23. g5 Nd7 24. Kh2 f6 25. Nxd7 Qxd7 26. gxf6 Bxf6 27. Rxe8+
Rxe8 28. Be5 Bd8 29. Ra3 Rf8 30. Ne1 Bf1 31. Rg3 Bh4 32. Qe3 Bxg3+ 33. Qxg3 Qf5
34. f4 Rc8 35. Qf3 Bc4 36. b3 Bb5 37. Qxd5+ Qf7 38. Qd6 Bc6 39. f5 Qxf5 40. d5
Re8 41. dxc6 Qxe5+ 42. Qxe5 Rxe5 0-1

[Event "Deutsche Meisterschaft 2013"]
[Site "Saarbrücken"]
[Date "2013.09.06"]
[Round "1.4"]
[White "Blübaum, Matthias"]
[Black "Tabatt, Hendrik"]
[Result "1-0"]
[WhiteElo "2514"]
[BlackElo "2303"]
[PlyCount "73"]
[EventDate "2013.09.05"]

1. d4 Nf6 2. c4 d6 3. Nf3 Nc6 4. d5 Ne5 5. Nxe5 dxe5 6. Nc3 e6 7. Qa4+ Bd7 8.
Qb3 exd5 9. cxd5 Bc5 10. e3 O-O 11. Qxb7 Qe7 12. Be2 Rab8 13. Qa6 e4 14. a3 Qe5
15. Qc4 Bb6 16. O-O Rfe8 17. Kh1 c6 18. f4 exf3 19. Bxf3 Bc7 20. Qh4 cxd5 21.
Rd1 Bc6 22. Rb1 g5 23. Qh3 g4 24. Bxg4 d4 25. Ne2 dxe3 26. Bf3 Bd7 27. Rxd7
Nxd7 28. Bxe3 Qxe3 29. Qxd7 Re7 30. Qg4+ Kh8 31. g3 Rb3 32. Nd4 Rxb2 33. Rxb2
Qc1+ 34. Kg2 Qxb2+ 35. Kh3 Bd8 36. Qf4 Rd7 37. Qe5+ 1-0

[Event "Deutsche Meisterschaft 2013"]
[Site "Saarbrücken"]
[Date "2013.09.06"]
[Round "1.5"]
[White "Zieher, Hartmut"]
[Black "Stern, Rene"]
[Result "1/2-1/2"]
[WhiteElo "2300"]
[BlackElo "2509"]
[PlyCount "147"]
[EventDate "2013.09.05"]

1. e4 d6 2. d4 Nf6 3. Nc3 e5 4. Nf3 Nbd7 5. Bc4 Be7 6. O-O O-O 7. h3 c6 8. a4
Nxe4 9. Nxe4 d5 10. Nxe5 Nxe5 11. dxe5 dxc4 12. Qe2 Qd4 13. Nc3 Be6 14. Kh1 f6
15. exf6 Qxf6 16. Bg5 Qf7 17. Bxe7 Qxe7 18. Nd1 Rae8 19. Ne3 Qh4 20. Kh2 Qd4
21. Kg1 c3 22. bxc3 Qxc3 23. Rad1 b6 24. Rd6 Qb4 25. Rxc6 Qxa4 26. Rc7 Rf7 27.
Rxf7 Bxf7 28. Rd1 Qc6 29. Qg4 Be6 30. Qf4 Rf8 31. Qe5 Qe8 32. Rd6 Bc8 33. Qg3
Bb7 34. Qg4 Qe4 35. Qd7 Qf4 36. Rd2 Qf7 37. Qxf7+ Rxf7 38. Rd8+ Rf8 39. Rd7 Rf7
40. Rd8+ Rf8 41. Rd7 Rb8 42. Nf5 a5 43. Nxg7 Be4 44. c3 Rb7 45. Rxb7 Bxb7 46.
Ne6 a4 47. Nd4 a3 48. f3 a2 49. Nc2 Kf7 50. Kf2 Kf6 51. Ke3 Bc8 52. h4 Bf5 53.
Na1 Ke5 54. g4 Bb1 55. c4 Bg6 56. f4+ Kd6 57. Kd4 Be8 58. f5 Bd7 59. Nc2 h5 60.
gxh5 Bxf5 61. Na1 Bh7 62. h6 Ke6 63. Kc3 Kf6 64. Kb4 Kg6 65. Kb5 Bg8 66. Kxb6
Bxc4 67. Kc5 Bf7 68. Kb4 Kxh6 69. Ka3 Kh5 70. Kb2 Kxh4 71. Nc2 Kg3 72. Nb4 Kf4
73. Nxa2 Bxa2 74. Kxa2 1/2-1/2

[Event "Deutsche Meisterschaft 2013"]
[Site "Saarbrücken"]
[Date "2013.09.06"]
[Round "1.6"]
[White "Bischoff, Klaus"]
[Black "Vatter, Hans-Joachim"]
[Result "1/2-1/2"]
[WhiteElo "2500"]
[BlackElo "2288"]
[PlyCount "93"]
[EventDate "2013.09.05"]

1. d4 Nf6 2. c4 e6 3. Nc3 d5 4. cxd5 Nxd5 5. Nf3 c5 6. g3 cxd4 7. Nxd5 Qxd5 8.
Qxd4 Qxd4 9. Nxd4 Bb4+ 10. Bd2 Bxd2+ 11. Kxd2 Bd7 12. Bg2 Nc6 13. Bxc6 Bxc6 14.
Nxc6 bxc6 15. Rhc1 Kd7 16. Rc5 Rhb8 17. b3 a5 18. Kc3 Kd6 19. Rh5 h6 20. Rd1+
Kc7 21. Rh4 Rb4 22. Rhd4 Rxd4 23. Rxd4 Rb8 24. Rf4 f6 25. Rg4 g5 26. Re4 Kd6
27. Rd4+ Kc7 28. g4 h5 29. h3 hxg4 30. hxg4 Rh8 31. f3 Rh4 32. Kd2 Rh8 33. Re4
Rd8+ 34. Kc3 e5 35. Kc2 c5 36. Re3 Kc6 37. Rd3 Re8 38. Kd2 Ra8 39. Rc3 Rd8+ 40.
Rd3 Ra8 41. Ke3 a4 42. Ke4 axb3 43. axb3 Ra6 44. Rd8 Rb6 45. Rc8+ Kd6 46. Rd8+
Ke6 47. Rd3 1/2-1/2

[Event "Deutsche Meisterschaft 2013"]
[Site "Saarbrücken"]
[Date "2013.09.06"]
[Round "1.7"]
[White "Marcziter, Dmitrii"]
[Black "Graf, Felix"]
[Result "0-1"]
[WhiteElo "2265"]
[BlackElo "2481"]
[PlyCount "70"]
[EventDate "2013.09.05"]

1. Nf3 Nf6 2. c4 e6 3. Nc3 Bb4 4. Qc2 O-O 5. a3 Bxc3 6. Qxc3 d6 7. b4 e5 8. Bb2
Bg4 9. e3 Nc6 10. b5 Ne7 11. Be2 Ng6 12. h3 Bxf3 13. Bxf3 Rb8 14. O-O Qd7 15.
Qc2 Rfe8 16. d4 e4 17. Be2 Nh4 18. Rfc1 Qf5 19. Bf1 h5 20. a4 Nh7 21. d5 b6 22.
a5 g5 23. axb6 axb6 24. f3 g4 25. f4 gxh3 26. gxh3 f6 27. Qf2 Nf3+ 28. Kh1 Re7
29. Rc2 Rg7 30. Bg2 Kh8 31. Qf1 Rbg8 32. Bxf3 exf3 33. Rh2 Rg2 34. Qxf3 Rxh2+
35. Kxh2 Qc2+ 0-1

[Event "Deutsche Meisterschaft 2013"]
[Site "Saarbrücken"]
[Date "2013.09.06"]
[Round "1.8"]
[White "Wagner, Dennis"]
[Black "Müller, Reinhold"]
[Result "1-0"]
[WhiteElo "2472"]
[BlackElo "2249"]
[PlyCount "57"]
[EventDate "2013.09.05"]

1. d4 d5 2. c4 c6 3. Nc3 Nf6 4. e3 e6 5. Nf3 Be7 6. Bd3 dxc4 7. Bxc4 b5 8. Bd3
a6 9. O-O Bb7 10. e4 c5 11. dxc5 Bxc5 12. e5 Nd5 13. Ne4 Be7 14. Bg5 O-O 15.
Bxe7 Qxe7 16. Rc1 Nd7 17. Bb1 Rfc8 18. Rxc8+ Rxc8 19. Nd6 Rc7 20. Qd3 Nf8 21.
Qd4 f5 22. Bxf5 exf5 23. Nxb7 Nc3 24. bxc3 Rxb7 25. Qd5+ Qf7 26. e6 Nxe6 27.
Ne5 Qe7 28. Re1 Rb6 29. Nc6 1-0

[Event "Deutsche Meisterschaft 2013"]
[Site "Saarbrücken"]
[Date "2013.09.06"]
[Round "1.9"]
[White "Schwarz, Frank"]
[Black "Poetsch, Hagen"]
[Result "0-1"]
[WhiteElo "2249"]
[BlackElo "2468"]
[PlyCount "100"]
[EventDate "2013.09.05"]

1. d4 Nf6 2. Nf3 g6 3. Bf4 Bg7 4. e3 O-O 5. Be2 d5 6. h3 c5 7. c3 Nc6 8. Nbd2
Nd7 9. O-O Re8 10. Qb3 c4 11. Qc2 e5 12. dxe5 Ndxe5 13. Nxe5 Nxe5 14. Bxe5 Bxe5
15. Nf3 Bc7 16. Rad1 b5 17. Qd2 Be6 18. Nd4 Qd6 19. f4 Bd7 20. Bf3 Rad8 21. Qf2
Bb6 22. Rfe1 a5 23. a3 b4 24. axb4 axb4 25. Nc2 bxc3 26. bxc3 Bc6 27. Kh1 Ba5
28. Qd2 Rb8 29. Ra1 Qc5 30. Nd4 Bd7 31. Reb1 Rxb1+ 32. Rxb1 Bc7 33. Rb7 g5 34.
g3 Bxh3 35. Rb5 Qe7 36. Rxd5 Qxe3 37. Rxg5+ Kf8 38. Qxe3 Rxe3 39. Rh5 Rxf3 40.
Rxh3 Rxc3 41. Kg2 Rd3 42. Ne2 Kg7 43. Rh5 Bd6 44. Rh1 Ba3 45. Nc1 Rd2+ 46. Kf3
c3 47. Ke3 Bc5+ 48. Kf3 c2 49. Re1 Ba3 50. Na2 Rd1 0-1

[Event "Deutsche Meisterschaft 2013"]
[Site "Saarbrücken"]
[Date "2013.09.06"]
[Round "1.10"]
[White "Donchenko, Alexander"]
[Black "Pfretzschner, Roland"]
[Result "1-0"]
[WhiteElo "2467"]
[BlackElo "2232"]
[PlyCount "123"]
[EventDate "2013.09.05"]

1. Nf3 c5 2. c4 Nc6 3. Nc3 e5 4. g3 g6 5. Bg2 Bg7 6. O-O Nge7 7. a3 O-O 8. Rb1
a5 9. Ne1 d6 10. Nc2 Be6 11. Ne3 Rb8 12. d3 Qd7 13. Ned5 Bh3 14. Nxe7+ Nxe7 15.
Bxh3 Qxh3 16. b4 f5 17. bxc5 dxc5 18. Bd2 f4 19. Ne4 Nf5 20. Qe1 Bh6 21. Kh1
fxg3 22. fxg3 Bxd2 23. Nxd2 Ne3 24. Rxf8+ Rxf8 25. Qg1 Ng4 26. Nf3 e4 27. dxe4
Qh5 28. Rxb7 Rd8 29. Rb1 Nf6 30. Qe3 Re8 31. e5 Qf5 32. Rb7 Nd7 33. Qb3 Qe6 34.
Ra7 Qc6 35. Qb5 Nxe5 36. Rc7 Qa8 37. Rb7 Qd8 38. Qxc5 Nxf3 39. exf3 Qd1+ 40.
Kg2 Qe2+ 41. Kh3 Qxf3 42. Qd5+ Qxd5 43. cxd5 Rd8 44. Rb5 a4 45. Kg4 Kf7 46. Kf4
Re8 47. Ra5 Re2 48. Rxa4 Rxh2 49. Ke5 h5 50. Ra7+ Ke8 51. Rg7 Ra2 52. Ke6 Re2+
53. Kd6 Re3 54. a4 Rxg3 55. a5 Ra3 56. Rxg6 Rxa5 57. Ke6 Kf8 58. Rh6 Ra1 59.
Rh8+ Kg7 60. Rxh5 Re1+ 61. Re5 Ra1 62. Rf5 1-0

[Event "Deutsche Meisterschaft 2013"]
[Site "Saarbrücken"]
[Date "2013.09.06"]
[Round "1.11"]
[White "Litwak, Aleksej"]
[Black "Kopylov, Michael"]
[Result "1/2-1/2"]
[WhiteElo "2230"]
[BlackElo "2457"]
[PlyCount "63"]
[EventDate "2013.09.05"]

1. e4 d5 2. exd5 Qxd5 3. Nc3 Qd6 4. d4 Nf6 5. Nf3 c6 6. Ne5 Bf5 7. Bc4 e6 8. g4
Bg6 9. h4 Nbd7 10. Nxd7 Qxd7 11. h5 Be4 12. Nxe4 Nxe4 13. Be3 h6 14. Qf3 Nf6
15. O-O-O Nd5 16. Kb1 Be7 17. Rhe1 Bf6 18. Bf4 Nxf4 19. Qxf4 O-O-O 20. c3 Qd6
21. Qxd6 Rxd6 22. f4 c5 23. dxc5 Rc6 24. Rd3 Rxc5 25. Bb3 Rd8 26. Red1 Rxd3 27.
Rxd3 Kc7 28. Kc2 Be7 29. Rf3 Kd6 30. Rd3+ Kc7 31. Rf3 Kd6 32. Rd3+ 1/2-1/2

[Event "Deutsche Meisterschaft 2013"]
[Site "Saarbrücken"]
[Date "2013.09.06"]
[Round "1.12"]
[White "Svane, Rasmus"]
[Black "Frischmann, Rick"]
[Result "1-0"]
[WhiteElo "2445"]
[BlackElo "2230"]
[PlyCount "43"]
[EventDate "2013.09.05"]

1. d4 d5 2. Nf3 Nf6 3. c4 c6 4. Nc3 a6 5. c5 Nbd7 6. Bf4 Nh5 7. Qd2 b6 8. e4
dxe4 9. Nxe4 bxc5 10. O-O-O Ndf6 11. Nxf6+ exf6 12. Bc4 Be7 13. d5 cxd5 14.
Bxd5 Ra7 15. Bb8 Rc7 16. Qe3 O-O 17. Bxf7+ Kxf7 18. Rxd8 Bxd8 19. Bxc7 Bxc7 20.
Qxc5 Bf4+ 21. Kb1 g6 22. Nd4 1-0

[Event "Deutsche Meisterschaft 2013"]
[Site "Saarbrücken"]
[Date "2013.09.06"]
[Round "1.13"]
[White "Paul, Johannes"]
[Black "Plischki, Sebastian"]
[Result "0-1"]
[WhiteElo "2227"]
[BlackElo "2436"]
[PlyCount "108"]
[EventDate "2013.09.05"]

1. c4 g6 2. g3 Bg7 3. Bg2 c5 4. Nc3 Nc6 5. Nf3 d6 6. O-O e6 7. e3 Nge7 8. d4
O-O 9. d5 Na5 10. Nd2 exd5 11. cxd5 a6 12. Qc2 b5 13. Rb1 f5 14. Ne2 g5 15. b4
Nb7 16. Bb2 Bxb2 17. Rxb2 Ng6 18. a3 Bd7 19. f4 Rc8 20. Qd3 Qf6 21. Rbb1 gxf4
22. exf4 Rfe8 23. Rfe1 Re7 24. Kf1 a5 25. Bf3 axb4 26. axb4 cxb4 27. Qd4 Qxd4
28. Nxd4 Rxe1+ 29. Kxe1 Nc5 30. Kd1 Ne7 31. Rxb4 Na4 32. Nb1 Rc5 33. Nb3 Nc3+
34. Nxc3 Rxc3 35. Ke2 Rc2+ 36. Ke3 Rb2 37. h3 Kg7 38. Kd3 Nc8 39. g4 Nb6 40.
Kc3 Rf2 41. Nd2 Rxf3+ 42. Nxf3 Nxd5+ 43. Kb3 Nxb4 44. Kxb4 fxg4 45. hxg4 Bxg4
46. Nd2 Be2 47. Ne4 d5 48. Ng3 Bc4 49. Kc5 Kg6 50. Kd6 d4 51. Ke7 d3 52. f5+
Kg5 53. f6 Kf4 54. Nh5+ Kg4 0-1

[Event "Deutsche Meisterschaft 2013"]
[Site "Saarbrücken"]
[Date "2013.09.06"]
[Round "1.14"]
[White "Lubbe, Nikolas"]
[Black "Schlenker, Jörg"]
[Result "1-0"]
[WhiteElo "2432"]
[BlackElo "2217"]
[PlyCount "101"]
[EventDate "2013.09.05"]

1. d4 g6 2. Nf3 Bg7 3. g3 d6 4. Bg2 Nc6 5. d5 Nb8 6. O-O Nf6 7. c4 O-O 8. Nc3
Nbd7 9. Nd4 a5 10. b3 Nc5 11. Bb2 Bd7 12. a3 Qc8 13. b4 Na6 14. Nc2 Bh3 15. Na4
Bxg2 16. Kxg2 Qd7 17. b5 Nc5 18. Nxc5 dxc5 19. Bxf6 Bxf6 20. Rb1 h5 21. e4 Rad8
22. Qe1 b6 23. e5 Bg7 24. Qe4 e6 25. Ne3 Qe8 26. f4 f6 27. exf6 Rxf6 28. Rbe1
Qf7 29. a4 Kf8 30. Qb1 Re8 31. dxe6 Rfxe6 32. f5 gxf5 33. Rxf5 Rf6 34. Rxf6
Bxf6 35. Qd3 Kg8 36. Rf1 Qe6 37. Nd5 Bd8 38. Rf2 h4 39. Nf4 Qe4+ 40. Qf3 hxg3
41. hxg3 Bf6 42. Re2 Qxf3+ 43. Kxf3 Rf8 44. Ke4 Kf7 45. Kd5 Rd8+ 46. Kc6 Rd4
47. Nd5 Rxc4 48. Rf2 Rxa4 49. Rxf6+ Kg7 50. Rf3 Rd4 51. Nxc7 1-0

[Event "Deutsche Meisterschaft 2013"]
[Site "Saarbrücken"]
[Date "2013.09.06"]
[Round "1.15"]
[White "Commercon, Simon"]
[Black "Jugelt, Tobias"]
[Result "1/2-1/2"]
[WhiteElo "2187"]
[BlackElo "2429"]
[PlyCount "113"]
[EventDate "2013.09.05"]

1. d4 Nf6 2. Bg5 Ne4 3. Bf4 d5 4. Nf3 c5 5. e3 Nc6 6. c3 e6 7. Nbd2 Nf6 8. Bb5
Qb6 9. Qb3 Bd7 10. Be2 Be7 11. Qxb6 axb6 12. Bc7 Bd8 13. Bd6 Be7 14. Bc7 Bd8
15. Bd6 c4 16. O-O b5 17. a3 Ra6 18. Bg3 Be7 19. Ne5 h6 20. Bf3 Nxe5 21. Bxe5
Bc6 22. Rae1 Kd7 23. Bxf6 Bxf6 24. e4 Bg5 25. Nb1 Raa8 26. exd5 exd5 27. Bg4+
Kd6 28. f4 Bf6 29. Nd2 h5 30. Bh3 Rae8 31. Nf3 Bd8 32. Re5 g6 33. Rfe1 f6 34.
R5e2 Re4 35. g3 Rhe8 36. Kf2 R8e7 37. Nd2 Rxe2+ 38. Rxe2 Be8 39. Rxe7 Bxe7 40.
Nf1 Bf8 41. Ne3 Bh6 42. Bc8 b6 43. Kf3 Bf7 44. Ba6 Kc6 45. Bc8 Bf8 46. Bh3 Bd6
47. Nc2 g5 48. Bf5 h4 49. Kg4 hxg3 50. hxg3 gxf4 51. gxf4 Bf8 52. Ne3 Kd6 53.
Bc2 Be6+ 54. Bf5 Bf7 55. Bc2 Be6+ 56. Bf5 Bf7 57. Bc2 1/2-1/2

[Event "Deutsche Meisterschaft 2013"]
[Site "Saarbrücken"]
[Date "2013.09.06"]
[Round "1.16"]
[White "Braun, Vitali"]
[Black "Seyfried, Claus"]
[Result "1-0"]
[WhiteElo "2403"]
[BlackElo "2185"]
[PlyCount "53"]
[EventDate "2013.09.05"]

1. d4 d5 2. c4 c6 3. Nf3 e6 4. e3 f5 5. Nc3 Nf6 6. Bd3 Bd6 7. O-O O-O 8. c5 Bc7
9. b4 Nbd7 10. b5 Ne4 11. Ne2 e5 12. Ne1 Qh4 13. f4 Qe7 14. Rb1 exd4 15. exd4
Ndxc5 16. Ba3 Bd6 17. dxc5 Bxc5+ 18. Bxc5 Qxc5+ 19. Kh1 Nf2+ 20. Rxf2 Qxf2 21.
bxc6 bxc6 22. Nf3 Bd7 23. Rb7 Be8 24. Qa1 Bf7 25. Ned4 c5 26. Nxf5 d4 27. Rb2
1-0

[Event "Deutsche Meisterschaft 2013"]
[Site "Saarbrücken"]
[Date "2013.09.06"]
[Round "1.17"]
[White "Jussupow, Nadia"]
[Black "Krassowizkij, Jaroslaw"]
[Result "0-1"]
[WhiteElo "2156"]
[BlackElo "2381"]
[PlyCount "68"]
[EventDate "2013.09.05"]

1. d4 Nf6 2. Nf3 e6 3. Bg5 b6 4. e3 Bb7 5. Bd3 h6 6. Bxf6 Qxf6 7. Nbd2 c5 8. c3
Nc6 9. Ne4 Qe7 10. Qe2 d5 11. Ng3 g6 12. Ne5 Nxe5 13. dxe5 O-O-O 14. O-O-O h5
15. h4 Qc7 16. f4 Be7 17. e4 d4 18. cxd4 Rxd4 19. Qe3 Rd7 20. Ne2 c4 21. Bc2
Rxd1+ 22. Bxd1 Rd8 23. Bc2 Bc5 24. Qf3 b5 25. Rd1 Rxd1+ 26. Bxd1 Qa5 27. a3 Qe1
28. g3 Bc6 29. Qc3 Qh1 30. Nd4 Bd7 31. Qe3 a5 32. Kc2 b4 33. Kd2 Bc6 34. Bf3
Qb1 0-1

[Event "Deutsche Meisterschaft 2013"]
[Site "Saarbrücken"]
[Date "2013.09.06"]
[Round "1.18"]
[White "Schleining, Zoya"]
[Black "Lochte, Thomas"]
[Result "1-0"]
[WhiteElo "2377"]
[BlackElo "2141"]
[PlyCount "71"]
[EventDate "2013.09.05"]

1. Nf3 Nf6 2. d4 d5 3. c4 e6 4. e3 Be7 5. Bd3 O-O 6. O-O dxc4 7. Bxc4 b6 8. Nc3
Bb7 9. Qe2 Ne4 10. Rd1 Bf6 11. Nxe4 Bxe4 12. Bd2 Nd7 13. Bb4 Be7 14. Be1 Bd6
15. Bc3 Qf6 16. Nd2 Qh6 17. h3 Bg6 18. e4 e5 19. Bb5 exd4 20. Bxd4 Rad8 21. Nc4
Bh5 22. g4 Bg6 23. Nxd6 cxd6 24. Kg2 Qf4 25. f3 Nf6 26. Qd2 Qxd2+ 27. Rxd2 Ne8
28. Rc1 d5 29. Bf2 Nf6 30. Rcd1 h5 31. g5 Nh7 32. h4 f6 33. Be3 fxg5 34. hxg5
a6 35. Bc4 Bf7 36. Bxd5 1-0

[Event "Deutsche Meisterschaft 2013"]
[Site "Saarbrücken"]
[Date "2013.09.06"]
[Round "1.19"]
[White "Braun, Christian"]
[Black "Schellmann, Frank"]
[Result "1/2-1/2"]
[WhiteElo "2362"]
[BlackElo "2098"]
[PlyCount "129"]
[EventDate "2013.09.05"]

1. e4 e5 2. Nf3 Nc6 3. Bc4 Nf6 4. d3 Bc5 5. c3 O-O 6. Bb3 d5 7. Qe2 Be6 8. Ba4
Qd6 9. Bxc6 bxc6 10. d4 dxe4 11. Nxe5 Bb6 12. Bf4 Bg4 13. Nxg4 Qxf4 14. Nxf6+
Qxf6 15. O-O c5 16. d5 Qe5 17. a4 c6 18. dxc6 Rae8 19. Nd2 Bc7 20. f4 Qd5 21.
Rae1 f5 22. Qc4 Rd8 23. Qxd5+ Rxd5 24. Nc4 g6 25. g3 Rfd8 26. b4 Rd3 27. Rc1
Kf7 28. b5 Ke6 29. Rc2 Kd5 30. Nb2 c4 31. Kf2 Bb6+ 32. Ke2 Kc5 33. Rb1 Rf3 34.
Nd1 Ba5 35. Rbb2 Rdd3 36. Rb4 Rd8 37. Ne3 Rxe3+ 38. Kxe3 Bxb4 39. cxb4+ Kxb4
40. Rd2 Rc8 41. Rb2+ Kc3 42. b6 axb6 43. Rxb6 Kc2 44. a5 c3 45. Ke2 h6 46. a6
Rc7 47. h3 g5 48. Rb5 Rxc6 49. Ra5 Rc8 50. fxg5 hxg5 51. Rxf5 Ra8 52. Rf6 Kb3
53. Rb6+ Kc4 54. Rc6+ Kd4 55. Rd6+ Kc5 56. Rg6 Kd4 57. Rc6 Rb8 58. Rd6+ Ke5 59.
a7 Rb2+ 60. Ke3 Ra2 61. Rd7 c2 62. Rc7 Rxa7 63. Rc5+ Kd6 64. Rxc2 Ra3+ 65. Kxe4
1/2-1/2

[Event "Deutsche Meisterschaft 2013"]
[Site "Saarbrücken"]
[Date "2013.09.06"]
[Round "1.20"]
[White "Bär, Sören"]
[Black "Carow, Johannes"]
[Result "0-1"]
[WhiteElo "2139"]
[BlackElo "2375"]
[PlyCount "140"]
[EventDate "2013.09.05"]

1. Nf3 c5 2. c4 Nc6 3. d4 cxd4 4. Nxd4 Qb6 5. Nc2 e6 6. b3 Nf6 7. Be3 Qc7 8.
Nc3 d5 9. g3 dxc4 10. bxc4 Na5 11. Bg2 Nxc4 12. Rc1 Bd7 13. O-O Be7 14. Bf4 Qa5
15. Nd4 O-O 16. Qb3 Rac8 17. Ncb5 Nd2 18. Bxd2 Qxd2 19. Rcd1 Qa5 20. Bxb7 Rc5
21. Rc1 Rxb5 22. Nxb5 Bxb5 23. Bf3 e5 24. Rb1 Bd7 25. e3 Be6 26. Qb5 Qxb5 27.
Rxb5 Bc4 28. Rxe5 Bd6 29. Rc1 Bxe5 30. Rxc4 Rd8 31. Rc5 Bb8 32. a4 Kf8 33. g4
Bd6 34. Ra5 Rd7 35. g5 Ne8 36. Rd5 Ke7 37. Rd4 a5 38. Bc6 Rd8 39. Re4+ Kf8 40.
Rh4 Kg8 41. Re4 Nc7 42. h4 Ne6 43. Bb5 Kf8 44. Rc4 Nc5 45. Kg2 Be7 46. Kg3 Rd2
47. f4 f5 48. gxf6 gxf6 49. f5 Rb2 50. Rc1 Bd6+ 51. Kf3 Rb4 52. Rd1 Be7 53. Rd4
Rxd4 54. exd4 Nb7 55. h5 Nd6 56. Bd7 Kg7 57. Kg4 Bd8 58. d5 Bb6 59. Bc6 Bg1 60.
Bd7 h6 61. Kf3 Kf8 62. Kf4 Ke7 63. Bc6 Kd8 64. Ba8 Kc7 65. Bc6 Kb6 66. Bd7 Kc5
67. Bc6 Kb4 68. Bd7 Bc5 69. Bc6 Nc4 70. Ke4 Bd6 0-1

[Event "Deutsche Meisterschaft 2013"]
[Site "Saarbrücken"]
[Date "2013.09.06"]
[Round "1.21"]
[White "Schreiber, Kevin"]
[Black "Schöne, Ralf"]
[Result "0-1"]
[WhiteElo "1920"]
[BlackElo "2345"]
[PlyCount "94"]
[EventDate "2013.09.05"]

1. d4 Nf6 2. Nf3 g6 3. g3 Bg7 4. Bg2 d6 5. O-O O-O 6. c4 a6 7. Nc3 c6 8. b3 b5
9. h3 Nbd7 10. Ne1 Qb6 11. Qc2 Bb7 12. Nd3 c5 13. d5 e6 14. e4 b4 15. Na4 Qc7
16. Bb2 e5 17. Rae1 Nh5 18. Bf3 Nhf6 19. Bg2 Rae8 20. f4 Nh5 21. g4 Nxf4 22.
Nxf4 exf4 23. Bxg7 Kxg7 24. Rxf4 Ne5 25. Nb2 Qe7 26. Nd3 Nxd3 27. Qxd3 Qe5 28.
Ref1 Bc8 29. Qd2 f6 30. Qd1 Bd7 31. Qa1 a5 32. Qxe5 Rxe5 33. a4 h5 34. gxh5
Rxh5 35. h4 f5 36. exf5 Rhxf5 37. Re4 Rxf1+ 38. Bxf1 Bf5 39. Re7+ Rf7 40. Re3
Bc2 41. Rg3 Kf6 42. Kf2 Ke5+ 43. Ke1 Rf4 44. Rh3 Kd4 45. Be2 Bf5 46. Rh1 Ke3
47. Bd1 Bd3 0-1

[Event "Deutsche Meisterschaft 2013"]
[Site "Saarbrücken"]
[Date "2013.09.07"]
[Round "2.1"]
[White "Plischki, Sebastian"]
[Black "Buhmann, Rainer"]
[Result "1/2-1/2"]
[WhiteElo "2436"]
[BlackElo "2580"]
[PlyCount "73"]
[EventDate "2013.09.05"]

1. d4 d5 2. c4 c6 3. Nc3 Nf6 4. e3 a6 5. Qc2 e6 6. Nf3 c5 7. cxd5 exd5 8. Be2
Nc6 9. Ne5 Qc7 10. Nxc6 Qxc6 11. O-O Bd6 12. dxc5 Qxc5 13. Rd1 O-O 14. Bd2 Qc7
15. g3 Be6 16. Rac1 Qe7 17. Be1 Rad8 18. Bf3 Be5 19. Ne2 Rfe8 20. Bc3 Bg4 21.
Bxg4 Nxg4 22. Qf5 Bxc3 23. Nxc3 Qe6 24. Nxd5 Nxf2 25. Qxe6 fxe6 26. Kxf2 exd5
27. Rc7 Rf8+ 28. Ke2 Rf7 29. Rdc1 Rfd7 30. Kd3 Kf7 31. Kd4 Ke6 32. R1c5 Rf8 33.
Rxd7 Kxd7 34. Rxd5+ Ke6 35. Re5+ Kd6 36. Rd5+ Ke6 37. Re5+ 1/2-1/2

[Event "Deutsche Meisterschaft 2013"]
[Site "Saarbrücken"]
[Date "2013.09.07"]
[Round "2.2"]
[White "Krämer, Martin"]
[Black "Svane, Rasmus"]
[Result "1-0"]
[WhiteElo "2542"]
[BlackElo "2445"]
[PlyCount "65"]
[EventDate "2013.09.05"]

1. e4 c6 2. d4 d5 3. e5 Bf5 4. Nc3 Qb6 5. g4 Bd7 6. Na4 Qc7 7. Nc5 e6 8. Nxd7
Nxd7 9. c3 c5 10. Bd3 Ne7 11. Nf3 Nc6 12. O-O Be7 13. Re1 h5 14. g5 g6 15. Be3
O-O-O 16. Re2 Kb8 17. Rc2 Rc8 18. Rb1 Qd8 19. Be2 Ka8 20. Qd2 Qf8 21. Rbc1 Nb6
22. Qd1 Rc7 23. Nd2 cxd4 24. cxd4 Qb8 25. a3 Rhc8 26. b4 Bf8 27. Nb3 Ne7 28.
Nc5 Nc4 29. Bxc4 dxc4 30. Rxc4 Nd5 31. Qf3 a6 32. Nd7 Nxe3 33. Nb6+ 1-0

[Event "Deutsche Meisterschaft 2013"]
[Site "Saarbrücken"]
[Date "2013.09.07"]
[Round "2.3"]
[White "Krassowizkij, Jaroslaw"]
[Black "Blübaum, Matthias"]
[Result "1/2-1/2"]
[WhiteElo "2381"]
[BlackElo "2514"]
[PlyCount "68"]
[EventDate "2013.09.05"]

1. c4 c6 2. e4 d5 3. exd5 cxd5 4. d4 Nf6 5. Nc3 Nc6 6. Nf3 Bg4 7. cxd5 Nxd5 8.
Qb3 Bxf3 9. gxf3 e6 10. Qxb7 Nxd4 11. Bb5+ Nxb5 12. Qc6+ Ke7 13. Qxb5 Rc8 14.
O-O Nxc3 15. bxc3 Qd5 16. Qxd5 exd5 17. Rb1 Kf6 18. Rd1 Ke6 19. Re1+ Kf6 20.
Rd1 Ke6 21. Rb2 Bc5 22. Re2+ Kd6 23. c4 d4 24. Be3 Kc6 25. Bxd4 Rhd8 26. Red2
Bxd4 27. Rxd4 Rxd4 28. Rxd4 Rc7 29. Rd5 a6 30. Rg5 g6 31. Rd5 Kb7 32. Rd4 Kc6
33. Rd5 Kb7 34. Rd4 Kc6 1/2-1/2

[Event "Deutsche Meisterschaft 2013"]
[Site "Saarbrücken"]
[Date "2013.09.07"]
[Round "2.4"]
[White "Graf, Felix"]
[Black "Lubbe, Nikolas"]
[Result "1-0"]
[WhiteElo "2481"]
[BlackElo "2432"]
[PlyCount "21"]
[EventDate "2013.09.05"]

1. d4 d6 2. Nf3 Nd7 3. e4 e5 4. Bc4 Be7 5. O-O h6 6. dxe5 Nxe5 7. Nxe5 dxe5 8.
Qh5 g6 9. Qxe5 Nf6 10. Nc3 O-O 11. Bxh6 1-0

[Event "Deutsche Meisterschaft 2013"]
[Site "Saarbrücken"]
[Date "2013.09.07"]
[Round "2.5"]
[White "Carow, Johannes"]
[Black "Wagner, Dennis"]
[Result "1/2-1/2"]
[WhiteElo "2375"]
[BlackElo "2472"]
[PlyCount "80"]
[EventDate "2013.09.05"]

1. d4 Nf6 2. c4 g6 3. Nc3 d5 4. Nf3 Bg7 5. Qb3 dxc4 6. Qxc4 O-O 7. e4 a6 8. Be2
b5 9. Qb3 c5 10. dxc5 Be6 11. Qc2 Nbd7 12. c6 Nb8 13. e5 Ng4 14. O-O Qc7 15.
Bf4 Nxc6 16. Ng5 Ngxe5 17. Nxe6 fxe6 18. Qe4 b4 19. Na4 Qa5 20. Bxe5 Nxe5 21.
b3 Rad8 22. Rad1 Rxd1 23. Rxd1 Rd8 24. Rxd8+ Qxd8 25. Qxb4 a5 26. Qb6 Qxb6 27.
Nxb6 Nc6 28. Nc4 Bc3 29. Kf1 Nd4 30. Bd3 Kf7 31. Ne3 Ke8 32. Nc2 Nxc2 33. Bxc2
Kd7 34. Bd3 Kd6 35. Bc4 e5 36. Bg8 h6 37. Bh7 g5 38. Ke2 Bd4 39. Kf3 Ke6 40.
Be4 Bb6 1/2-1/2